00407nam a2200145Ia 4500008004100000040001900041041001200060082002800072100002500100245004500125260003000170300001900200650002100219850002100240131103s9999 xx 000 0 und d aLoreto College aEnglish a891.44/TAGbLCBED/10474 aTagore, Rabindranath aJibonsmriti-bodhikacRabindranath Tagore aKolkatabHindustanc[19?] a100p. c 23cm. aBengali language aLCBED/891.44/TAG